000 00599nam a2200217Ia 4500
003 OSt
005 20220928144651.0
006 a|||||r|||| 00| 0
007 ta
008 220927b |||||||| |||| 00| 0 eng d
024 _a72826
037 _cTextual
040 _aSDCL
_cSDCL
_beng
041 _2eng
_aeng
082 _aV271'D6, L7
100 _aDas Dharmanarayan
_9508976
245 0 _aEarly history of Kalinga
_b A socio-economic and cultural history of coastal Orissa.
260 _c1977
942 _hV271'D6, L7
_cTEXL
_2CC
999 _c828804
_d828804